| 000 | 00770nam a2200253Ia 4500 | ||
|---|---|---|---|
| 003 | GCL | ||
| 005 | 20240530102008.0 | ||
| 008 | 140319s9999 xx 000 0 ara d | ||
| 020 | _a1855130238 | ||
| 040 |
_aGCL / _cGCL |
||
| 082 | 0 | 4 |
_a320.5/ _bش ظ |
| 100 | 0 | _aشفيق مقار | |
| 245 | 1 | 0 |
_aظاهرة غورباتشوف / _cشفيق مقار |
| 250 | _aالاولى | ||
| 260 |
_aانجلترا : _bرياض الريس للكتب والنشر ، _c1990 |
||
| 300 |
_a457 ص ؛ _c21 سم |
||
| 650 | 0 | 4 | _aالاتفاقيات الدولية |
| 650 | 0 | 4 | _aالاتحاد السوفيتى |
| 650 | 0 | 4 | _aالسياسة الدولية |
| 650 | 0 | 4 | _aاسرائيل |
| 650 | 0 | 4 | _aالمعاهدات |
| 650 | 0 | 4 | _aالقوى العظمى |
| 942 |
_2ddc _cBK |
||
| 999 |
_c29256 _d29256 |
||